Kanye West Most Popular Songs - Statistics

General Stats
  • This quiz has been taken 116 times
    81 since last reset
  • The average score is 13 of 20
Answer Stats
Number Album Song Streams % Correct
1 808s & Heartbreak Heartless 1,675,567,158
91%
11 My Beautiful DarkTwisted Fantasy Runaway 939,121,268
80%
3 Graduation Stronger 1,597,974,476
80%
2 Watch The Throne Ni**as In Paris 1,634,390,577
77%
8 Yeezus Bound 2 1,161,595,182
75%
4 Graduation Flashing Lights 1,387,855,580
75%
18 VULTURES 1 (¥$) CARNIVAL 760,425,483
71%
9 My Beautiful DarkTwisted Fantasy POWER 1,049,457,230
71%
10 Graduation I Wonder 943,003,314
70%
14 The College Dropout All Falls Down 862,429,485
66%
16 ye Violent Crimes 796,095,537
66%
5 The Life Of Pablo Father Stretch My Hands Pt.1 1,350,775,395
64%
6 Late Registration Gold Digger 1,348,583,358
63%
13 Graduation Homecoming 866,511,403
61%
15 My Beautiful DarkTwisted Fantasy All Of The Lights 808,286,094
59%
12 Shine (Estelle) American Boy 894,515,221
57%
17 Graduation Can't Tell Me Nothing 772,809,693
57%
7 - (Rihanna) FourFiveSeconds 1,257,788,663
45%
20 Relapse: Refill (Eminem) Forever 688,816,277
41%
19 - I Love It (& Lil Pump) 741,842,380
23%
No matching quizzes found
Score Distribution
Percent of People with Each Score
Percentile by Number Answered
Your Score History
You have not taken this quiz since the last reset